| 000 | nam a22 a 4500 | ||
|---|---|---|---|
| 999 |
_c3566 _d3566 |
||
| 003 | AKMAL | ||
| 005 | 20170523112159.0 | ||
| 008 | 170523s1997 ny 00 eng d | ||
| 020 |
_a0786307862 (pbk.): _cUSD 33.95 |
||
| 040 | _aAKMAL | ||
| 082 | 0 | 4 | _a658.5620218 ISO |
| 090 | 2 | 0 |
_a658.5620218 _bISO |
| 245 | 0 | 4 |
_aThe ISO 9000 handbook / _cedited by Robert W. Peach |
| 250 | _a3rd ed. | ||
| 260 |
_aNew York : _bThe McGraw-Hill Companies, Inc., _c1997 |
||
| 300 |
_axvi, 1008p. : _bill. ; _c25cm |
||
| 500 | _aIncludes index | ||
| 650 |
_aQuality control _xStandards _97082 |
||
| 650 |
_aQuality assurance _xStandards _97087 |
||
| 650 |
_aISO 9000 Series Standards _9546 |
||
| 650 |
_aManufactures _xQuality Control _xStandards _97088 |
||
| 700 | 1 |
_aPeach, Robert W. _97100 |
|
| 942 |
_2ddc _cBOOK |
||